[Event "R6R2  L'union / Cate 2"]
[Site "L'Union"]
[Date "2002.11.17"]
[Round "2.2"]
[White "Delay, Guillaume"]
[Black "Ivanoff, Dimitri"]
[Result "0-1"]
[WhiteElo "1099"]
[BlackElo "1470"]
[EventDate "2002.??.??"]
[PlyCount "70"]

1.e4 e5 2.Nf3 d6 3.d4 Nc6 4.dxe5 dxe5 5.Qxd8+ Nxd8 6.Nxe5 Bd6 7.Nf3 b6 8.
Bc4 Be6 9.Bxe6 Nxe6 10.O-O h6 11.Be3 Ng5 12.Nxg5 hxg5 13.Bxg5 Bxh2+ 14.Kh1
Bf4+ 15.Kg1 Bxg5 16.Nc3 Bf4 17.g3 Be5 18.Nd5 O-O-O 19.Rab1 c6 20.Ne3 Nf6 
21.f4 Bd4 22.Rfe1 Ng4 23.Kf1 Bxe3 24.b4 Bd2 25.Re2 Rh1+ 26.Kg2 Rxb1 27.a3 
Re1 28.Rxe1 Bxe1 29.Kf3 Nh2+ 30.Kg2 Rd2+ 31.Kh3 Nf3 32.Kg4 Nh2+ 33.Kh3 g6 
34.c4 f5 35.e5 Nf3 0-1

[Event "R5-B-Blaye les M/Millau"]
[Site "?"]
[Date "2002.11.17"]
[Round "4.2"]
[White "Arlabosse, Nicolas"]
[Black "Trancoso, Mickael"]
[Result "1/2-1/2"]
[WhiteElo "1580"]
[BlackElo "1640"]
[EventDate "2003.01.23"]
[PlyCount "51"]
[SourceDate "2003.01.23"]

1.e4 e5 2.Nf3 Nc6 3.d4 exd4 4.Nxd4 Qf6 5.Be3 Bc5 6.c3 Nge7 7.Bc4 d6 8.O-O 
Bb6 9.Nxc6 Nxc6 10.Bxb6 axb6 11.Nd2 O-O 12.f3 Kh8 13.Nb3 Qg6 14.Nd4 f5 15.
exf5 Bxf5 16.Nxc6 bxc6 17.Qd2 Rae8 18.Rae1 Be6 19.Rxe6 Rxe6 20.Bxe6 Qxe6 
21.a3 Re8 22.Kf2 Kg8 23.Re1 Qf7 24.Rxe8+ Qxe8 25.Qe3 Qxe3+ 26.Kxe3 1/2-1/2

[Event "R5-B-Colomiers/Montauban"]
[Site "?"]
[Date "2002.11.17"]
[Round "5.2"]
[White "Amblard, Philippe"]
[Black "Bonnet, Daniel"]
[Result "1-0"]
[WhiteElo "1499"]
[BlackElo "1499"]
[EventDate "2003.01.23"]
[PlyCount "24"]
[SourceDate "2003.01.23"]

1.e4 e6 2.d4 d5 3.Nc3 Bb4 4.a3 Ba5 5.b4 Bb6 6.Be3 Nf6 7.e5 Ne4 8.Nxe4 dxe4
9.c3 Nc6 10.Qg4 Qd5 11.Qxg7 Rf8 12.Bh6 Nd8 1-0

[Event "R6R2 Ramonville 3 / Cahors 2"]
[Site "Ramonville"]
[Date "2002.11.17"]
[Round "2.4"]
[White "Bonnaud, René"]
[Black "Marais, Francois"]
[Result "1/2-1/2"]
[WhiteElo "1360"]
[BlackElo "1499"]
[EventDate "2002.??.??"]
[PlyCount "79"]

1.f4 d5 2.d4 Nf6 3.Nf3 e6 4.e3 Bd7 5.Bd3 c5 6.c3 Nc6 7.O-O Be7 8.Ne5 a6 9.
Nxc6 Bxc6 10.Nd2 O-O 11.Nf3 Nd7 12.Ne5 f6 13.Nxd7 Bxd7 14.Bd2 Bd6 15.Qh5 
f5 16.Qd1 Be8 17.Be2 g6 18.Be1 cxd4 19.cxd4 Bb5 20.Bxb5 axb5 21.Qb3 Qd7 
22.Bb4 Bxb4 23.Qxb4 Ra4 24.Qd2 Rc8 25.b3 Ra6 26.Rac1 Rac6 27.Rxc6 Rxc6 28.
Rc1 Rxc1+ 29.Qxc1 Qd8 30.b4 Qa8 31.Qb2 Kf7 32.Kf2 Qa6 33.Kf3 Qc6 34.h3 Qc4
35.Qd2 h5 36.Kf2 Kf6 37.h4 b6 38.g3 Kf7 39.Ke1 Kf6 40.Kf2 1/2-1/2

[Event "R6R2 Albi 2 / Rodez 2"]
[Site "Albi"]
[Date "2002.11.17"]
[Round "2.3"]
[White "Peaud-Lenoël, Daniel"]
[Black "Laumond, Olivier"]
[Result "0-1"]
[WhiteElo "1499"]
[BlackElo "1499"]
[EventDate "2002.??.??"]
[PlyCount "40"]

1.d4 Nf6 2.e3 d5 3.Nf3 e6 4.Nc3 c5 5.dxc5 Bxc5 6.Bb5+ Bd7 7.Bxd7+ Qxd7 8.
Qd3 Nc6 9.e4 d4 10.Ne2 e5 11.c3 O-O 12.cxd4 exd4 13.h3 Rfe8 14.Ng5 Nb4 15.
Qc4 Rac8 16.O-O d3 17.Rd1 Bxf2+ 18.Kxf2 Rxc4 19.Be3 Nxe4+ 20.Nxe4 Rcxe4 
0-1

[Event "R6R2  L'Union / Cate 2"]
[Site "L'Union"]
[Date "2002.11.17"]
[Round "2.1"]
[White "PERROUX, Jacques"]
[Black "POUSSY, Daniel"]
[Result "1/2-1/2"]
[WhiteElo "1650"]
[BlackElo "1410"]
[PlyCount "120"]

1.e4 b6 2.Nc3 Bb7 3.Nf3 e6 4.a3 d6 5.Bc4 Nf6 6.d3 Nbd7 7.O-O d5 8.exd5 
exd5 9.Bb5 c6 10.Ba4 Bd6 11.Re1+ Be7 12.Qe2 Nc5 13.Bg5 Ne6 14.Bh4 O-O 15.
Ne5 b5 16.Bb3 Nd4 17.Qe3 Nf5 18.Qf4 Nxh4 19.Qxh4 Ne4 20.Qg4 Bc8 21.Nxc6 
Bxg4 22.Nxd8 Nxc3 23.Rxe7 Rfxd8 24.bxc3 Be6 25.a4 a6 26.f3 Kf8 27.Rb7 Ke8 
28.axb5 axb5 29.Rxa8 Rxa8 30.Rxb5 Rc8 31.Bxd5 Bxd5 32.Rxd5 Rxc3 33.Re5+ 
Kd7 34.Re2 h5 35.Kf1 g5 36.Ke1 Kd6 37.Kd2 Ra3 38.Ke3 Kd5 39.c4+ Ke5 40.Rd2
Rc3 41.h3 f5 42.g4 f4+ 43.Ke2 hxg4 44.hxg4 Kd4 45.Kf2 Rb3 46.Ke2 Ra3 47.
Rc2 Rxd3 48.c5 Re3+ 49.Kf2 Re7 50.c6 Rc7 51.Ke2 Kd5 52.Kd3 Ke5 53.Rc5+ Kd6
54.Kd4 Rxc6 55.Rxc6+ Kxc6 56.Ke5 Kc5 57.Kf5 Kd4 58.Kxg5 Ke3 59.Kh6 Kxf3 
60.g5 Ke2 1/2-1/2

[Event "R6R2 Vic Big. / Tournefeuille 3"]
[Site "Vic Bigorre"]
[Date "2002.11.17"]
[Round "2.2"]
[White "PINAULT, Ronan"]
[Black "BOUKANDOURA, Jean"]
[Result "1-0"]
[WhiteElo "1550"]
[BlackElo "1499"]
[PlyCount "77"]

1.Nf3 d5 2.d4 b5 3.c4 dxc4 4.Nc3 c6 5.Bf4 Nd7 6.e3 Nb6 7.Ne5 Be6 8.Be2 Nf6
9.Rc1 g6 10.O-O Rg8 11.Bg5 h6 12.Bxf6 exf6 13.Nf3 g5 14.Qc2 Bd6 15.Rfe1 
Bc7 16.a3 Qd6 17.Red1 g4 18.g3 gxf3 19.Bxf3 Rg5 20.Re1 O-O-O 21.Rcd1 Rdg8 
22.Ne2 h5 23.h4 Rxg3+ 24.fxg3 Rxg3+ 25.Nxg3 Qxg3+ 26.Qg2 Qxh4 27.e4 b4 28.
Qf2 Qg5+ 29.Qg2 Qb5 30.Rd2 c5 31.d5 Bd7 32.Qg7 bxa3 33.Kf2 h4 34.Qxf7 c3 
35.bxc3 Qb3 36.Bg4 Qxc3 37.Bxd7+ Kb8 38.Qe8+ Bd8 39.Qxd8+ 1-0

[Event "R6R2  L'union / Cate 2"]
[Site "L'Union"]
[Date "2002.11.17"]
[Round "2.3"]
[White "Schawlb, Boris"]
[Black "Portois, Valentin"]
[Result "1-0"]
[WhiteElo "1399"]
[BlackElo "1199"]
[EventDate "2002.??.??"]
[PlyCount "43"]

1.e4 e5 2.d3 f6 3.f4 Nc6 4.Nf3 Bd6 5.b3 Nh6 6.fxe5 Bc5 7.exf6 Qxf6 8.c3 
Ng4 9.d4 Bb6 10.Bg5 Qf7 11.Bc4 Qf8 12.O-O a5 13.Ne5 Ncxe5 14.Rxf8+ Rxf8 
15.h3 Nf2 16.Qh5+ g6 17.Qxh7 Nf7 18.Qxg6 Nxh3+ 19.gxh3 a4 20.Bh6 d6 21.
Bxf8 Kxf8 22.Qxf7# 1-0

[Event "R5-B-Montauban/Colomiers"]
[Site "?"]
[Date "2002.11.17"]
[Round "2.2"]
[White "Palos, Jean Luc"]
[Black "Alladaye, Rene"]
[Result "0-1"]
[WhiteElo "1470"]
[BlackElo "1710"]
[EventDate "2003.01.23"]
[PlyCount "72"]
[SourceDate "2003.01.23"]

1.d4 Nf6 2.c4 g6 3.Nc3 Bg7 4.e4 d6 5.h3 O-O 6.Nf3 e5 7.d5 Nbd7 8.Bg5 h6 9.
Bxf6 Nxf6 10.g4 Nh7 11.Bd3 a6 12.Qe2 Ng5 13.Nxg5 Qxg5 14.Kd1 Bd7 15.Kc2 f5
16.f3 fxg4 17.hxg4 Rf7 18.Raf1 Raf8 19.Qg2 Rf4 20.Be2 Kf7 21.Kd3 Ke7 22.
Nd1 h5 23.Ne3 Bh6 24.Qh3 R4f7 25.Qh4 Qxh4 26.Rxh4 Bxe3 27.Kxe3 hxg4 28.
Rhh1 gxf3 29.Rxf3 Rxf3+ 30.Bxf3 Kf6 31.Rf1 Kg7 32.Bg2 Rxf1 33.Bxf1 Bg4 34.
a3 Kf6 35.b4 Kg5 36.b5 a5 {temps} 0-1

[Event "R5-B-Montauban/Colomiers"]
[Site "?"]
[Date "2002.11.17"]
[Round "4.2"]
[White "Benedicto, Patrice"]
[Black "Artis, Paul"]
[Result "0-1"]
[WhiteElo "1499"]
[BlackElo "1440"]
[EventDate "2003.01.23"]
[PlyCount "58"]
[SourceDate "2003.01.23"]

1.e4 c6 2.Bc4 d5 3.exd5 cxd5 4.Be2 e5 5.d4 Nc6 6.Bb5 Bd6 7.Bxc6+ bxc6 8.
dxe5 Bxe5 9.Nf3 Bd6 10.O-O Nf6 11.h3 O-O 12.Nd4 Qc7 13.f4 Qb6 14.Nc3 Bc5 
15.Ne2 Re8 16.Kh1 Ba6 17.Re1 Bxd4 18.Nxd4 Rxe1+ 19.Qxe1 Qxd4 20.Be3 Qxb2 
21.c3 Re8 22.Qc1 Qxc1+ 23.Bxc1 Re1+ 24.Kh2 Bd3 25.a3 Ne4 26.Ra2 Rxc1 27.
Rb2 Rb1 28.Rxb1 Bxb1 29.Kg1 Nxc3 0-1

[Event "R5-B-Montech/Castel M 1"]
[Site "?"]
[Date "2002.11.17"]
[Round "1.2"]
[White "Auge, Jean"]
[Black "Lacroix, Romain"]
[Result "1/2-1/2"]
[WhiteElo "1960"]
[BlackElo "1840"]
[EventDate "2003.01.23"]
[PlyCount "86"]
[SourceDate "2003.01.23"]

1.e4 e5 2.Nc3 Nf6 3.f4 d6 4.Nf3 Nc6 5.Bb5 Bd7 6.Bxc6 Bxc6 7.fxe5 Nxe4 8.
Nxe4 Bxe4 9.d3 Bg6 10.O-O d5 11.Bg5 Be7 12.Bxe7 Qxe7 13.d4 O-O 14.c3 c5 
15.dxc5 Qxc5+ 16.Qd4 Qxd4+ 17.cxd4 Rac8 18.Rac1 h6 19.Kf2 Be4 20.Ke3 Rfd8 
21.g3 Kf8 22.h4 Ke7 23.Ng1 b5 24.Ne2 b4 25.Rc5 Rxc5 26.dxc5 Rc8 27.Kd4 Rc6
28.Nf4 Ra6 29.Nxd5+ Bxd5 30.Kxd5 Rxa2 31.Rf2 Ra1 32.Kc4 a5 33.Kb5 Rc1 34.
c6 a4 35.Kb6 a3 36.bxa3 bxa3 37.c7 Rb1+ 38.Kc6 Rc1+ 39.Kb7 Rb1+ 40.Kc8 Rb2
41.Rf3 a2 42.Ra3 h5 43.Ra7 Ke8 1/2-1/2

[Event "R5-B-Montech/Castel M 1"]
[Site "?"]
[Date "2002.11.17"]
[Round "3.2"]
[White "Lecoultre, Patrick"]
[Black "Dirat, Sylvain"]
[Result "0-1"]
[WhiteElo "1630"]
[BlackElo "1770"]
[EventDate "2003.01.23"]
[PlyCount "76"]
[SourceDate "2003.01.23"]

1.e4 e5 2.Nf3 Nc6 3.Bb5 Nf6 4.O-O Bc5 5.Bxc6 dxc6 6.h3 Nxe4 7.Nxe5 Nxf2 8.
Qe2 Qe7 9.Rxf2 Bxf2+ 10.Kxf2 O-O 11.d4 Re8 12.Qf3 Qh4+ 13.Kf1 f6 14.Qb3+ 
Be6 15.Nf3 Bxb3 16.Nxh4 Bxc2 17.Nc3 Rad8 18.Nf3 Be4 19.Ne2 Bd3 20.Ng1 Rxd4
21.Kf2 Bxe2 22.Nxe2 Rde4 23.Nc3 Re1 24.b3 b5 25.Bb2 Rxa1 26.Bxa1 b4 27.Na4
Rd8 28.Ke2 Rd5 29.Bb2 c5 30.Bc1 c4 31.bxc4 Ra5 32.Nb2 Rxa2 33.Kd3 Ra3+ 34.
Kd4 Rc3 35.Bf4 Rc2 36.Na4 c6 37.g3 g5 38.Kd3 Ra2 0-1

[Event "R5-B-Blaye les M/Millau"]
[Site "?"]
[Date "2002.11.17"]
[Round "2.2"]
[White "Jalras, Laurent"]
[Black "Chorazy, Andre"]
[Result "0-1"]
[WhiteElo "1690"]
[BlackElo "1770"]
[EventDate "2003.01.23"]
[PlyCount "58"]
[SourceDate "2003.01.23"]

1.b3 e5 2.Bb2 Nc6 3.e3 d5 4.Bb5 e4 5.Ne2 Nf6 6.Nd4 Bd7 7.Nxc6 bxc6 8.Be2 
Bd6 9.d3 O-O 10.Nd2 a5 11.a4 Bf5 12.d4 c5 13.c3 cxd4 14.cxd4 c6 15.Rc1 Qb6
16.Bc3 Rfc8 17.h3 c5 18.Bg4 Nxg4 19.hxg4 Be6 20.g5 g6 21.f3 Bg3+ 22.Kf1 
exf3 23.Qxf3 cxd4 24.exd4 Qa6+ 25.Kg1 Qd6 26.Qf6 Qf4 27.Qxf4 Bxf4 28.Rf1 
Be3+ 29.Kh2 Rxc3 0-1

[Event "R6R2 Albi 2 / Rodez 2"]
[Site "Albi"]
[Date "2002.11.17"]
[Round "2.1"]
[White "Lopez, Jacky"]
[Black "Archimbeaud, Alain"]
[Result "1-0"]
[WhiteElo "1560"]
[BlackElo "1499"]
[EventDate "2002.??.??"]
[PlyCount "95"]

1.d4 d5 2.c4 e6 3.Nc3 Bb4 4.Nf3 Nf6 5.Bg5 Be7 6.e3 Nc6 7.Bd3 Bd7 8.O-O Nb4
9.a3 Nxd3 10.Qxd3 a6 11.Rfe1 O-O 12.Rac1 Rb8 13.cxd5 exd5 14.Bxf6 Bxf6 15.
Nxd5 Bb5 16.Nxf6+ Qxf6 17.Qc3 Rbc8 18.Ne5 Rfe8 19.b3 Re7 20.a4 Be8 21.Qb4 
c6 22.Nc4 Rcc7 23.Nb6 Qe6 24.f3 f6 25.Qc4 Qxc4 26.bxc4 Bf7 27.a5 Re8 28.c5
Rce7 29.Kf2 f5 30.Nc4 Bd5 31.Nd6 Rf8 32.Rb1 Be6 33.Rxb7 Rxb7 34.Nxb7 Rb8 
35.Nd6 Rb2+ 36.Re2 Rb4 37.Re1 g6 38.Kg3 Kf8 39.h4 h5 40.Kf4 Kg7 41.Ke5 Bd7
42.e4 f4 43.Rd1 Rb2 44.Rg1 Ra2 45.Rb1 Kf8 46.Kf6 Kg8 47.Rb8+ Kh7 48.Rb7 
1-0

[Event "R5-B-Montech/Castel M 1"]
[Site "?"]
[Date "2002.11.17"]
[Round "5.2"]
[White "Truong, Thierry"]
[Black "Catala, Laurent"]
[Result "1-0"]
[WhiteElo "1380"]
[BlackElo "1690"]
[EventDate "2003.01.23"]
[PlyCount "121"]
[SourceDate "2003.01.23"]

1.c4 e5 2.Nc3 Nf6 3.Nf3 d6 4.g3 Be7 5.Bg2 O-O 6.O-O Nc6 7.d3 d5 8.cxd5 
Nxd5 9.Nxd5 Qxd5 10.b3 Qd8 11.Bb2 Bd6 12.Qc1 Bg4 13.e3 Re8 14.Nh4 Bd7 15.
Be4 Bh3 16.Re1 Bd7 17.Nf5 Bb4 18.Re2 g6 19.Nh4 Be7 20.Ng2 Bf8 21.a3 Rb8 
22.Qc3 Bg7 23.b4 Ne7 24.Rf1 Bf5 25.Rd2 Bxe4 26.dxe4 Qc8 27.Nf4 Rd8 28.Nd5 
Nxd5 29.exd5 Re8 30.Rc1 Re7 31.d6 Re6 32.dxc7 Rc6 33.Rd8+ Qxd8 34.cxd8=Q+ 
Rxd8 35.Qe1 Rcd6 36.Kg2 Rd2 37.Rb1 Rc2 38.Bc1 e4 39.b5 Bc3 40.Qf1 Bd2 41.
Bxd2 Rdxd2 42.Rc1 Ra2 43.Qe1 b6 44.Rc7 Re2 45.Qf1 Rxe3 46.Rxa7 Ree2 47.Kg1
Rec2 48.Ra6 Kg7 49.Rxb6 Rxa3 50.Ra6 Rb3 51.Qd1 Rcb2 52.Qd4+ Kh6 53.Qxe4 
Rxb5 54.Ra7 R2b4 55.Qe8 Rb2 56.Rxf7 R5b3 57.Qf8+ Kg5 58.Rxh7 Rb4 59.Qe7+ 
Kf5 60.h4 Rb1+ 61.Kg2 1-0

[Event "R5-B-Colomiers/Montauban"]
[Site "?"]
[Date "2002.11.17"]
[Round "3.2"]
[White "Blesing, Rene"]
[Black "Jourda, Dominique"]
[Result "1/2-1/2"]
[WhiteElo "1690"]
[BlackElo "1430"]
[EventDate "2003.01.23"]
[PlyCount "46"]
[SourceDate "2003.01.23"]

1.e4 e5 2.Nf3 Nc6 3.Bc4 d6 4.O-O Nge7 5.Nc3 h6 6.d4 Ng6 7.Be3 Be7 8.d5 Na5
9.Bd3 b6 10.b4 Nb7 11.Bb5+ Bd7 12.Bc6 Qc8 13.Bxb7 Qxb7 14.b5 f5 15.exf5 
Bxf5 16.Nd2 O-O 17.Nde4 Bxe4 18.Nxe4 a6 19.Qg4 Kh7 20.g3 Qc8 21.Qxc8 Rfxc8
22.a4 Nf8 23.c4 Nd7 1/2-1/2

[Event "R5-B-Blaye les M/Millau"]
[Site "?"]
[Date "2002.11.17"]
[Round "6.2"]
[White "Santoul, Pascal"]
[Black "Hazak, Marcel"]
[Result "1/2-1/2"]
[WhiteElo "1370"]
[BlackElo "1499"]
[EventDate "2003.01.23"]
[PlyCount "79"]
[SourceDate "2003.01.23"]

1.e4 e5 2.Nf3 Nc6 3.Bc4 d6 4.d3 Be7 5.Be3 Bf6 6.d4 Bg4 7.Be2 Bxf3 8.Bxf3 
exd4 9.Bf4 Nge7 10.Qd3 O-O 11.O-O Ng6 12.Bc1 Nge5 13.Qa3 Nc4 14.Qb3 N4a5 
15.Qd5 Be5 16.g3 b6 17.Bd2 Ne7 18.Qb5 c6 19.Qd3 Nb7 20.b4 c5 21.a3 Rc8 22.
Qc4 a5 23.c3 Qd7 24.Qe2 Ng6 25.Bg4 f5 26.Bxf5 Rxf5 27.exf5 Qxf5 28.Qa6 Rb8
29.f4 Bf6 30.Qa7 Qc8 31.Qxb6 Ne7 32.Qb5 Ra8 33.a4 c4 34.bxa5 Rxa5 35.Qb2 
d3 36.Qc1 Nc5 37.Qd1 Qd7 38.Na3 d5 39.Be3 Nxa4 40.Nb1 1/2-1/2

[Event "R5-B-Castel M 1/Montech"]
[Site "?"]
[Date "2002.11.17"]
[Round "4.2"]
[White "Haddab, Roland"]
[Black "Bengueneb, Smail"]
[Result "0-1"]
[WhiteElo "1700"]
[BlackElo "1470"]
[EventDate "2003.01.23"]
[PlyCount "96"]
[SourceDate "2003.01.23"]

1.e4 e5 2.Bc4 Nf6 3.d4 Qe7 4.Qd3 exd4 5.Qxd4 Nc6 6.Qd3 Nxe4 7.Be3 Nc5 8.
Qe2 Ne6 9.c3 d6 10.Nf3 Ne5 11.O-O g6 12.Bxe6 Bxe6 13.Nxe5 dxe5 14.Qb5+ Qd7
15.Qxe5 Rg8 16.Na3 Bd6 17.Qe4 Kf8 18.Bh6+ Ke7 19.Rad1 Qc6 20.Qe2 g5 21.
Rfe1 Rg6 22.Qh5 Rag8 23.Nc2 Qa4 24.Nd4 Kd7 25.Nxe6 fxe6 26.b4 Qxa2 27.Re2 
Qc4 28.Rd4 Qxc3 29.Red2 Kc8 30.Qd1 e5 31.R2d3 Qc6 32.Qg4+ Qd7 33.Qxd7+ 
Kxd7 34.Rd5 e4 35.Rh3 Ke6 36.Rd1 Rf6 37.Bxg5 Rxg5 38.Rxh7 Rgf5 39.h4 Rxf2 
40.h5 Rf8 41.h6 R2f7 42.Rxf7 Rxf7 43.g4 Bxb4 44.Kg2 Bd6 45.Kh3 Bf4 46.Kh4 
Bxh6 47.Kh5 Bf4 48.g5 Rf5 0-1

[Event "R5-B-Millau/Blaye les M"]
[Site "?"]
[Date "2002.11.17"]
[Round "5.2"]
[White "Clavignac, Maurice"]
[Black "Mejane, Arnaud"]
[Result "1/2-1/2"]
[WhiteElo "1560"]
[BlackElo "1320"]
[EventDate "2003.01.23"]
[PlyCount "81"]
[SourceDate "2003.01.23"]

1.d4 d5 2.g3 e5 3.dxe5 Nc6 4.Bg2 Be6 5.Nf3 h6 6.a3 Nge7 7.b3 Ng6 8.Bb2 a6 
9.O-O Be7 10.b4 b5 11.Nbd2 O-O 12.Nb3 a5 13.bxa5 Nxa5 14.Nxa5 Rxa5 15.Kh1 
Ra4 16.Nd4 Qd7 17.f4 Bh3 18.Bxh3 Qxh3 19.Nxb5 Qd7 20.Nc3 Ra5 21.e4 c6 22.
exd5 cxd5 23.Qf3 Rb8 24.Bc1 Rc5 25.Rd1 d4 26.Ne2 Rd5 27.Rd3 Rc8 28.c3 f6 
29.cxd4 fxe5 30.Bb2 exf4 31.Nxf4 Rf5 32.Qe4 Nxf4 33.gxf4 Rc2 34.Rb3 Rh5 
35.Rb8+ Bf8 36.Qxc2 Qd5+ 37.Qg2 Qd6 38.Ra8 Qxf4 39.Rf1 Rxh2+ 40.Qxh2 Qxf1+
41.Qg1 1/2-1/2

[Event "R6R2  Luchon / Loures Bar."]
[Site "Luchon"]
[Date "2002.11.17"]
[Round "2.1"]
[White "GALES, Jacques"]
[Black "ORIOT, Patrice"]
[Result "0-1"]
[WhiteElo "1499"]
[BlackElo "1960"]
[PlyCount "66"]

1.b3 e5 2.Bb2 Nc6 3.e3 a6 4.a3 d5 5.Ne2 Bg4 6.d4 e4 7.h3 Bh5 8.g3 Bf3 9.
Rg1 Nf6 10.Nd2 Bxe2 11.Qxe2 b5 12.c3 Bd6 13.f4 exf3 14.Qxf3 O-O 15.O-O-O 
Qe7 16.Re1 Bxa3 17.Nb1 Bxb2+ 18.Kxb2 Ne4 19.Bd3 Rfe8 20.Bxe4 dxe4 21.Qf2 
a5 22.Nd2 a4 23.Ra1 b4 24.c4 a3+ 25.Ka2 Nxd4 26.Nxe4 Qxe4 27.exd4 Qe2+ 28.
Qxe2 Rxe2+ 29.Kb1 Rb2+ 30.Kc1 Rxb3 31.Rg2 Rc3+ 32.Rc2 Rxg3 33.d5 Rg1+ 0-1

[Event "R5-B-St Foy/CEIT"]
[Site "?"]
[Date "2002.11.17"]
[Round "5.2"]
[White "Rigal, Samy"]
[Black "Sicret, Francis"]
[Result "1-0"]
[WhiteElo "1510"]
[BlackElo "1410"]
[EventDate "2003.01.23"]
[PlyCount "57"]
[SourceDate "2003.01.23"]

1.e4 e5 2.Nf3 Nc6 3.Bb5 a6 4.Bxc6 dxc6 5.O-O Bd6 6.Nc3 Nf6 7.d3 h6 8.Be3 
b5 9.Ne2 Bg4 10.Ng3 c5 11.h3 Bxf3 12.Qxf3 g6 13.c3 Qd7 14.Qxf6 Rg8 15.Bxh6
c4 16.dxc4 bxc4 17.Rad1 Rb8 18.Rb1 Rb5 19.Rfd1 a5 20.a4 Rb6 21.Be3 Rc6 22.
Rd5 Ra6 23.Bc5 Rc6 24.Bxd6 cxd6 25.Rxa5 Qb7 26.Rd1 d5 27.Qxe5+ Re6 28.Qxd5
Qxd5 29.exd5 1-0

[Event "R5-B-Millau/Blaye les M"]
[Site "?"]
[Date "2002.11.17"]
[Round "3.2"]
[White "Croux, Laurent"]
[Black "Gayraud, Christian"]
[Result "1-0"]
[WhiteElo "1710"]
[BlackElo "1530"]
[EventDate "2003.01.23"]
[PlyCount "57"]
[SourceDate "2003.01.23"]

1.e4 d5 2.exd5 Nf6 3.d4 Nxd5 4.c4 Nb6 5.Nc3 Bf5 6.Be3 e6 7.a3 Nc6 8.Qd2 
Be7 9.b4 Bf6 10.O-O-O Qe7 11.h3 O-O 12.g4 Bg6 13.g5 Bxd4 14.Bxd4 Rfd8 15.
Qe3 Rd7 16.Bc5 Qe8 17.Rxd7 Nxd7 18.Bg2 Nde5 19.Bf1 Rd8 20.Qf4 Rd3 21.Kb2 
Qd7 22.Be3 Rxe3 23.Qxe3 b6 24.f4 Nd3+ 25.Bxd3 Bxd3 26.Nf3 Bxc4 27.Rd1 Qe7 
28.Qe4 Bd5 29.Nxd5 1-0

[Event "R5-B-St Foy/CEIT"]
[Site "?"]
[Date "2002.11.17"]
[Round "1.2"]
[White "Bachkat, Ali"]
[Black "Lacresse, Regis"]
[Result "0-1"]
[WhiteElo "1650"]
[BlackElo "1780"]
[EventDate "2003.01.23"]
[PlyCount "50"]
[SourceDate "2003.01.23"]

1.Nf3 f5 2.Nc3 Nf6 3.b3 e6 4.e3 c5 5.d4 cxd4 6.Nxd4 a6 7.Bb2 Qc7 8.Be2 Bb4
9.Bc4 d5 10.Bb5+ Kf7 11.Qd3 Ne4 12.Ne2 axb5 13.O-O Bxc3 14.Nxc3 Nxc3 15.
Bxc3 Re8 16.f4 Nc6 17.Qxb5 b6 18.Bb2 Ba6 19.Be5 Nxe5 20.Qb4 Bxf1 21.Kxf1 
Ng4 22.Qd2 Rec8 23.h3 Nf6 24.Qb4 Ne4 25.Qxe4 dxe4 0-1

[Event "R6R2  Luchon / Loures Bar."]
[Site "Luchon"]
[Date "2002.11.17"]
[Round "2.2"]
[White "Ribou, Jacques"]
[Black "Lloveras, Jean-Jacques"]
[Result "1-0"]
[WhiteElo "1780"]
[BlackElo "1499"]
[EventDate "2002.??.??"]
[PlyCount "47"]

1.e4 e5 2.Nf3 Nc6 3.Bc4 Be7 4.c3 d6 5.d4 Bd7 6.O-O Na5 7.Bd3 Nf6 8.dxe5 
dxe5 9.Nxe5 Bd6 10.Nxd7 Qxd7 11.e5 O-O-O 12.exd6 Qxd6 13.Bf5+ Kb8 14.Qxd6 
Rxd6 15.Bf4 Rdd8 16.Nd2 g6 17.Be4 Rxd2 18.Bxd2 Nxe4 19.Bf4 Nc4 20.Rfe1 f5 
21.f3 Nc5 22.Re7 Kc8 23.Rxc7+ Kd8 24.Rxc5 1-0

[Event "R6R2 Luchon 2 / ste Foy 2"]
[Site "Luchon"]
[Date "2002.11.17"]
[Round "2.3"]
[White "Moreau, Philippe"]
[Black "Leleu, Frédéric"]
[Result "1-0"]
[WhiteElo "1580"]
[BlackElo "1120"]
[EventDate "2002.??.??"]
[PlyCount "43"]

1.e4 e5 2.Nf3 Nc6 3.Bb5 a6 4.Ba4 b5 5.Bb3 Nf6 6.O-O Nxe4 7.Re1 Nf6 8.Nxe5 
Nxe5 9.Rxe5+ Be7 10.c3 d6 11.Re1 Ng4 12.Qf3 Ne5 13.Qxa8 Nd3 14.Rxe7+ Kxe7 
15.Qe4+ Ne5 16.d4 Kd7 17.dxe5 dxe5 18.Qd5+ Ke7 19.Qxf7+ Kd6 20.Qd5+ Ke7 
21.Bg5+ Kf8 22.Qxd8# 1-0

[Event "R6R2 Albi 2 / Rodez 2"]
[Site "Albi"]
[Date "2002.11.17"]
[Round "2.2"]
[White "Malart, Jacques"]
[Black "Aurejac, Pierre"]
[Result "0-1"]
[WhiteElo "1499"]
[BlackElo "1510"]
[EventDate "2002.??.??"]
[PlyCount "78"]

1.c4 c5 2.Nc3 Nc6 3.g3 Nf6 4.e4 e5 5.d3 a6 6.Bd2 Be7 7.Qa4 d6 8.Nd5 Bd7 9.
Qa3 Nxd5 10.cxd5 Nd4 11.Rc1 O-O 12.Ne2 Nxe2 13.Bxe2 f5 14.f4 Qe8 15.O-O 
fxe4 16.dxe4 Bh3 17.Rf2 exf4 18.g4 Bxg4 19.Bxg4 Qg6 20.Rg2 Qxe4 21.Qc3 Bf6
22.Be6+ Kh8 23.Qc4 Bd4+ 24.Kf1 f3 25.Rf2 Qh4 26.Be1 Rf4 27.Qd3 Bxf2 28.
Bxf2 Qxh2 29.Qe3 Qh1+ 30.Bg1 Qg2+ 31.Ke1 Raf8 32.Bf2 Qg6 33.Kd2 Re4 34.Rg1
Rxe3 35.Rxg6 Re2+ 36.Kd3 hxg6 37.Bg3 Rxb2 38.Bxd6 f2 39.Bh3 Rf3+ 0-1

[Event "R6R2  Vic 2 / Tournefeuille 3"]
[Site "Vic Bigorre"]
[Date "2002.11.17"]
[Round "2.3"]
[White "Reignier, Franck"]
[Black "Egea, Claude"]
[Result "0-1"]
[WhiteElo "1499"]
[BlackElo "1630"]
[EventDate "2002.??.??"]
[PlyCount "53"]

1.e4 c5 2.Nc3 e6 3.Bb5 a6 4.Ba4 b5 5.Bb3 c4 6.Ba4 bxa4 7.Nxa4 d5 8.d3 Qa5+
9.c3 Bd7 10.b3 Bxa4 11.bxa4 Qxc3+ 12.Bd2 Qxd3 13.Nf3 Qxe4+ 14.Be3 Bc5 15.
Qc1 Nf6 16.O-O Bxe3 17.fxe3 O-O 18.Nd2 Qxe3+ 19.Rf2 Ng4 20.Qe1 Qc5 21.Kf1 
Nxf2 22.Qxf2 Nd7 23.Rc1 Qxf2+ 24.Kxf2 Ne5 25.Nf3 Nd3+ 26.Ke2 Nxc1+ 27.Kd1 
0-1

[Event "R6R2 Vic Bigorre / Tournefeuille 3"]
[Site "Vic Bigorre"]
[Date "2002.11.17"]
[Round "2.1"]
[White "DINTRANS, Francois"]
[Black "MALLOFRE, Vincent"]
[Result "0-1"]
[WhiteElo "1499"]
[BlackElo "1710"]
[PlyCount "40"]

1.d4 Nf6 2.Nf3 d5 3.Nc3 e6 4.e3 Be7 5.Bd3 c5 6.dxc5 Bxc5 7.O-O Nc6 8.Na4 
Be7 9.c4 dxc4 10.Bxc4 O-O 11.Qc2 Qc7 12.h3 Bd7 13.Bd2 Rac8 14.Nd4 Nxd4 15.
exd4 Qxc4 16.Qxc4 Rxc4 17.b3 Rxd4 18.Be3 Re4 19.Rad1 Bxa4 20.bxa4 Rxa4 0-1

[Event "R6R2 Vic 2 / Tournefeuille 3"]
[Site "Vic Bigorre"]
[Date "2002.11.17"]
[Round "2.4"]
[White "TARAVAUD, Evelyne"]
[Black "THIMONIER, PRENOM."]
[Result "1-0"]
[WhiteElo "1370"]
[BlackElo "1199"]
[PlyCount "97"]

1.Nf3 d5 2.b3 Nf6 3.Bb2 Bf5 4.e3 Nc6 5.Bb5 a6 6.Bxc6+ bxc6 7.d3 e6 8.O-O 
Bc5 9.Ne5 O-O 10.Nd2 Qd6 11.h3 d4 12.Ndc4 Qd5 13.Bxd4 Bxd4 14.exd4 Qxd4 
15.Nxc6 Qf4 16.Ne7+ Kh8 17.Nxf5 exf5 18.Qd2 Nd5 19.Ne3 Qb4 20.Qxb4 Nxb4 
21.a3 Nc6 22.Nxf5 Rae8 23.Rfe1 Ne5 24.d4 Nd7 25.c4 Rb8 26.Rab1 c5 27.d5 a5
28.a4 g6 29.Ne7 Rb7 30.Nc6 f5 31.Nxa5 Rb6 32.Nc6 Nb8 33.Re6 Rc8 34.Na7 
Rxe6 35.Nxc8 Re8 36.Nb6 Rd8 37.Re1 Nd7 38.Re6 Nxb6 39.Rxb6 Kg8 40.a5 h5 
41.Rxg6+ Kf7 42.Rc6 Ke7 43.Rxc5 Kf6 44.b4 Rb8 45.b5 f4 46.a6 Ke5 47.f3 h4 
48.Kf2 Kd4 49.Rc7 1-0

[Event "R5-B-CEIT/St Foy"]
[Site "?"]
[Date "2002.11.17"]
[Round "4.2"]
[White "Lamata, Fabrice"]
[Black "Lafuma, Antoine"]
[Result "0-1"]
[WhiteElo "1499"]
[BlackElo "1560"]
[EventDate "2003.01.23"]
[PlyCount "104"]
[SourceDate "2003.01.23"]

1.e4 e6 2.d4 d5 3.e5 c5 4.Bb5+ Nc6 5.Nf3 a6 6.Bxc6+ bxc6 7.O-O cxd4 8.Qxd4
c5 9.Qf4 f6 10.b3 fxe5 11.Nxe5 Qf6 12.Qxf6 Nxf6 13.Bb2 Bd6 14.f4 Bb7 15.f5
exf5 16.Rxf5 O-O 17.Nd2 Rae8 18.Ndf3 g6 19.Rg5 Ne4 20.Rg4 Bc8 21.Rh4 Be7 
22.Ng4 d4 23.Nh6+ Kg7 24.Rxe4 Kxh6 25.c3 Bf5 26.Ree1 d3 27.c4 Bd6 28.Bc1+ 
Kg7 29.Bb2+ Kg8 30.Red1 Re2 31.Bc3 Rfe8 32.h3 Rc2 33.Ba5 Ree2 34.Ne1 Rxa2 
35.Rxa2 Rxa2 36.Bb6 Rb2 37.Nxd3 Rxb3 38.Bxc5 Rxd3 39.Rxd3 Bxc5+ 40.Kh2 
Bxd3 41.Kg3 Bxc4 42.Kf4 a5 43.Ke5 a4 44.Kf6 a3 45.g4 a2 46.h4 a1=Q+ 47.Kg5
Be7+ 48.Kf4 Qd4+ 49.Kf3 Bd6 50.Kg2 Qe3 51.h5 Qg3+ 52.Kh1 Qh2# 0-1

[Event "R5-B-CEIT/St Foy"]
[Site "?"]
[Date "2002.11.17"]
[Round "2.2"]
[White "Peterka, Alojz"]
[Black "Landes, Rene"]
[Result "1-0"]
[WhiteElo "1540"]
[BlackElo "1660"]
[EventDate "2003.01.23"]
[PlyCount "89"]
[SourceDate "2003.01.23"]

1.e4 c5 2.Nf3 Nc6 3.Nc3 d6 4.d4 cxd4 5.Nxd4 Nf6 6.Be2 e5 7.Nxc6 bxc6 8.O-O
Be7 9.b3 O-O 10.Bb2 Bb7 11.Bd3 Re8 12.Ne2 Qc7 13.Ng3 d5 14.Qe2 d4 15.Bc1 
Bc8 16.h3 a5 17.Bg5 h6 18.Bd2 Bb4 19.a4 Be6 20.Qe1 Bxd2 21.Qxd2 Nd7 22.Nf5
Nf6 23.g4 Kh7 24.Nxd4 g6 25.Nxe6 Rxe6 26.Qe3 Rd8 27.f4 exf4 28.Qxf4 Qxf4 
29.Rxf4 Kg7 30.Raf1 Rd4 31.h4 g5 32.hxg5 hxg5 33.Rf5 Nxe4 34.Rxf7+ Kh6 35.
Kg2 c5 36.Ra7 Rxd3 37.cxd3 Nd2 38.Rxa5 Nxf1 39.Kxf1 Re3 40.Rxc5 Rxd3 41.
Rb5 Rd4 42.a5 Rxg4 43.a6 Rf4+ 44.Kg2 Rf8 45.a7 1-0